| 000 | 01005nam a22002417a 4500 | ||
|---|---|---|---|
| 005 | 20240530110507.0 | ||
| 008 | 151012s2009 ua a g 000 0 ara d | ||
| 017 |
_a2009/4710 _bمصر . دار الكتب المصرية |
||
| 020 | _a977322256x | ||
| 040 | _aEG-CaGPL | ||
| 082 | 0 | 4 |
_221 _a940.182\ _bز إ |
| 100 | 0 | _aزينب عبدالمجيد عبدالقوى . | |
| 245 | 1 | 0 |
_aاليانور دوقة اكوتين : _bمرآة اوربا القرن الثانى عشر 1122 - 1204 م / _cزينب عبدالمجيد عبدالقوى . |
| 250 | _aط1. | ||
| 260 |
_aالقاهرة : _bعين للدراسات و البحوث الانسانية و الاجتماعية ، _c2009 . |
||
| 300 |
_a167 ص ؛ _c24 سم . |
||
| 600 | 0 | _aاليانور دوقة اكوتين . | |
| 650 | 0 | 4 | _aالحروب الصليبية . |
| 651 | 0 | 4 |
_aاوربا _xتاريخ . |
| 651 | 0 | 4 |
_aاوربا _xتاريخ _yالعصور الوسطى . |
| 942 |
_2ddc _cBK |
||
| 999 |
_c61592 _d61592 |
||